[Event "Wch Seniors 23rd"]
[Site "Opatija"]
[Date "2013.11.14"]
[Round "3"]
[White "Sloth, Jorn"]
[Black "Gundersen, Helge Folmer"]
[Result "1-0"]
[WhiteElo "2338"]
[BlackElo "2183"]
[PlyCount "83"]
[EventDate "2013.11.12"]
[EventType "swiss"]
[EventRounds "11"]
[EventCountry "CRO"]
[SourceTitle "CBM 157 Extra"]
[Source "ChessBase"]
[SourceDate "2013.12.19"]
[SourceVersion "1"]
[SourceVersionDate "2013.12.19"]
[SourceQuality "1"]

1. Nf3 e6 2. g3 b5 3. Bg2 Bb7 4. 0-0 Nf6 5. d3 Be7 6. e4 d6 7. Nd4 a6 8. f4 c5 9. Nf3 d5 10. e5 Nfd7 11. Qe2 Nc6 12. c4 Nb6 13. cxd5 Qxd5 14. Nc3 Nd4 15. Nxd4 Qxd4+ 16. Be3 Qd7 17. Ne4 Rc8 18. Rac1 Bxe4 19. Bxe4 Nd5 20. Bf2 0-0 21. a3 Rc7 22. Rc2 Rfc8 23. Rfc1 f5 24. exf6 Nxf6 25. Bg2 Kf7 26. Bh3 Bd6 27. Re1 Re8 28. Qf3 Qc6 29. Qxc6 Rxc6 30. b4 c4 31. dxc4 bxc4 32. Bg2 Rc7 33. Rec1 Rec8 34. Bb6 Re7 35. Rxc4 Rxc4 36. Rxc4 e5 37. Rc6 Bb8 38. Rc8 Bd6 39. Rd8 Nd7 40. Bd5+ Kg6 41. Be4+ Kh6 42. Bf5 1-0

[Event "EU-ch Seniors 13th"]
[Site "Plovdiv"]
[Date "2013.03.19"]
[Round "9"]
[White "Gundersen, Helge Folmer"]
[Black "Pritchett, Craig William"]
[Result "0-1"]
[WhiteElo "2214"]
[BlackElo "2352"]
[PlyCount "114"]
[EventDate "2013.03.11"]
[EventType "swiss"]
[EventRounds "9"]
[EventCountry "BUL"]
[SourceTitle "CBM 153 Extra"]
[Source "ChessBase"]
[SourceDate "2013.04.22"]
[SourceVersion "1"]
[SourceVersionDate "2013.04.22"]
[SourceQuality "1"]

1. e4 c5 2. Nc3 e6 3. f4 Nc6 4. Nf3 a6 5. g3 d5 6. d3 Nf6 7. e5 Nd7 8. a4 Be7 9. Bg2 h5 10. h3 Rb8 11. b3 b5 12. axb5 axb5 13. Bb2 c4 14. Ne2 Qb6 15. d4 g6 16. 0-0 Ba6 17. Kh2 b4 18. bxc4 Bxc4 19. Re1 b3 20. cxb3 Qxb3 21. Qxb3 Bxb3 22. Nd2 Bc2 23. Bc3 0-0 24. Ra2 Bf5 25. Nf1 Rfc8 26. Ne3 Bd3 27. Ba1 Nb6 28. Rd1 Nb4 29. Rad2 Ba6 30. Bf1 Na4 31. Kg1 Kf8 32. Kf2 Ke8 33. Nc1 Bxf1 34. Rxf1 Nc3 35. Bxc3 Rxc3 36. Ke2 Ra8 37. Nd3 Raa3 38. Rfd1 Nc6 39. Nc2 Rxc2 40. Rxc2 Nxd4+ 41. Kd2 Nxc2 42. Kxc2 Ra2+ 43. Kc3 Rg2 44. g4 hxg4 45. hxg4 Rxg4 46. Ra1 Kf8 47. Ra8+ Kg7 48. Ra7 Bf8 49. Kd2 g5 50. f5 Kg8 51. f6 Bh6 52. Nc5 Rc4 53. Nb7 g4+ 54. Kd3 g3 55. Nd6 g2 56. Nxf7 Bf8 57. Ng5 g1Q 0-1